Drevené kostoly

Salvato in:
Dettagli Bibliografici
Autori principali: Dudáš, Miloš, 1966- (Autore, Fotografo), Gojdič, Ivan, 1948- (Autore, Fotografo), Šukajlová, Margita (Autore)
Altri autori: Adamík, Štefan (fotograf) (Fotografo), Kollár, Tibor (fotograf) (Fotografo), Müller, Juraj (fotograf) (Fotografo), Lacika, Ján, 1956- (Fotografo)
Natura: Libro
Lingua:slovacco
Pubblicazione: Bratislava Dajama 2007
Edizione:1. vyd.
Serie:Kultúrne krásy Slovenska
Soggetti:
Accesso online:Visualizza in OPAC
Tags: Aggiungi Tag
Nessun Tag, puoi essere il primo ad aggiungerne!!

MARC

LEADER 00000nam a2200000 a 4500
005 20260127133949.0
008 160610s2007 xo ob g 000 0 slo
015 |a SNBE2007/02-00520 
020 |a 9788089226146 (brož.)  |z 8089226140 
020 |a 8089226140 (brož.) 
020 |a 80-89226-14-0 
035 |a vtls008952683 
035 |a 7D50BC11-92CC-400E-961B-D52EBF83A0A9 
035 |a urn:nbn:sk:snk-amla49 
035 |a urn:nbn:sk:snk-am008qwj 
039 9 |a 202002130947  |b csnkv15  |c 201910091257  |d msnk162  |c 201606101829  |d VLOAD  |c 201106211419  |d mkuuk10  |y 200703061536  |z msnk04 
040 |a SNK  |b slo  |c SNK  |d STUSCHK1  |e AACR2 
041 0 |a slo 
043 |a e-xo--- 
044 |a xo  |c SK 
072 7 |a 930.85  |x Dejiny civilizácie. Kultúrne dejiny  |2 konspekt 
072 7 |a 72  |x Architektúra  |2 konspekt 
080 |a 726.54:691.11  |2 2001 
080 |a 930.85  |2 2001 
080 |a (036)  |2 2001 
080 |a (437.6)  |2 2001 
080 |a 26-523.4  |2 2001 
100 1 |a Dudáš, Miloš,  |d 1966-  |4 aut  |4 pht  |9 954 
245 1 0 |a Drevené kostoly  |c Miloš Dudáš, Ivan Gojdič, Margita Šukajlová ; fotografie: Štefan Adamík ... [et al.] 
250 |a 1. vyd. 
260 |a Bratislava  |b Dajama  |c 2007 
300 |a 127 s.  |b fareb. fotogr., mp.  |c 24 cm 
490 1 |a Kultúrne krásy Slovenska 
500 |a Mp. na predsádkach. Pozn. Slovník 
504 |a Bibliogr. odkazy 
650 0 7 |a sakrálne stavby  |2 SNKPH 
650 0 7 |a drevené kostoly  |2 SNKPH 
650 0 7 |a kultúrne dedičstvo  |2 SNKPH 
651 7 |a Slovensko  |2 SNKPH 
655 7 |a obrazové publikácie  |2 SNKPH 
700 1 |a Gojdič, Ivan,  |d 1948-  |4 aut  |4 pht  |9 756 
700 1 |a Šukajlová, Margita  |4 aut  |9 469 
700 1 |a Adamík, Štefan  |c (fotograf)  |4 pht 
700 1 |a Kollár, Tibor  |c (fotograf)  |4 pht 
700 0 |a Müller, Juraj  |c (fotograf)  |4 pht  |9 126 
700 1 |a Lacika, Ján,  |d 1956-  |4 pht  |9 778 
830 0 |a Kultúrne krásy Slovenska 
910 |a snk 
910 |a savuk 
910 |a SCHK95 
910 |a spk 
910 |a snmk 
910 |a sllk 
910 |a pppk 
919 |a 978-80-89226-14-6 
958 |a NB 
958 |a NT 
999 |c 1028  |d 1028